00752nam a22001457a 4500008004100000020001800041082001900059100001800078245008400096260004500180300001900225505019700244650012900441700003600570180427b xxu||||| |||| 00| 0 eng d a9786070304187 a370.115bF866p aFreire, Paulo aPedagogía de la autonomía:bSaberes necesarios para la práctica educativa aMéxicobSiglo Veintiuno Editoresc2012 a136 p.c21 cm. tPrólogorEdina Castro de OliveiratPrimeras palabras rPaulo FreiretI. No hay docencia sin discenciatII. Enseñar no es transferir conocimientotIII. Enseñar es una especificidad humana 2EducaciónxEducación-responsabilidad socialxPedagogía críticaxFilosofía de la educación xObjetivos educativos aPalacios, Guillermo (Traductor)